Défaites militaires du Royaume de France - Statistiques

Statistiques générales
  • Ce quiz a été pris 30 fois
  • Le résultat moyen est 2 sur 20
Statistiques - réponses
Date Guerre Pertes* Réponse % Correct
1415 Guerre de Cent ans 6 000 Azincourt
93%
1525 Guerres d'Italie 8 000 Pavie
60%
1340 Guerre de Cent ans ~15 000 Bataille de l'Écluse
30%
1577 Guerres d'Italie 6 000 Saint-Quentin
10%
1621 Rébellions huguenotes 15 000 Siège de Montauban
10%
1424 Guerre de Cent ans 6 000 Verneuil
10%
1779-1783 Guerre d'indépendance des États-Unis 5 000 Siège de Gibraltar
3%
1695 Guerre de la ligue d'Augsbourg 8 000 Siège de Namur
3%
1747 Guerre de Succession d'Autriche 5 000 Assietta
0%
1708 Guerre de Succession d'Espagne 6 000 Audenarde
0%
1503 Guerres d'Italie 4 000 Cérignole
0%
1493 Guerre de Succession de Bourgogne 6 000 Dournon
0%
1558 Guerres d'Italie ~12 500 Gravelines
0%
1642 Guerre franco-espagnole 7 000 Honnecourt
0%
1759 Guerre de sept ans 4 278 Minden
0%
1706 Guerre de Succession d'Espagne 12 000 Ramilies
0%
1704 Guerre de Succession d'Espagne 5 000 Schellenberg
0%
1636 Guerre de dix ans 5 000 Siège de Dole
0%
1656 Guerre franco-espagnole 4 000 Siège de Valenciennes
0%
1761 Guerre de sept ans 5 000 Villinghausen
0%
Aucun quiz correspondant
Distribution des résultats
% des personnes avec chaque résultat
Percentile par nombre de réponses
Votre historique - résultats
Vous n’avez pas pris ce quiz